[Event "Krakow op-C"]
[Site "Krakow"]
[Date "2022.06.27"]
[Round "4"]
[White "Olszewski, Antoni"]
[Black "Lesniak, Wojciech"]
[Result "1/2-1/2"]
[WhiteElo "1532"]
[BlackElo "1338"]
[PlyCount "58"]
[EventDate "2022.06.25"]
[EventType "swiss"]
[EventRounds "9"]
[EventCountry "POL"]
[SourceTitle "EXT 2023"]
[Source "ChessBase"]
[SourceDate "2022.10.05"]
[SourceVersion "1"]
[SourceVersionDate "2022.10.05"]
[SourceQuality "1"]

1. e4 c5 2. Nf3 g6 3. d4 cxd4 4. Nxd4 Nc6 5. c4 Nf6 6. Nc3 d6 7. Be2 Nxd4 8. Qxd4 Bg7 9. Be3 0-0 10. Qd2 Be6 11. 0-0 Qa5 12. Bd4 Nxe4 13. Nxe4 Qxd2 14. Nxd2 Bxd4 15. Nf3 Bg7 16. Rad1 Rfc8 17. b3 a6 18. Nd4 Bd7 19. Nc2 b5 20. Ne3 Be6 21. Nd5 Bxd5 22. Rxd5 b4 23. Bf3 Ra7 24. Rfd1 Bf8 25. h3 e6 26. R5d3 Rc5 27. Kf1 a5 28. Rb1 Rd7 29. Rbd1 Be7 1/2-1/2

[Event "EU-ch U10"]
[Site "Bratislava"]
[Date "2019.08.04"]
[Round "3"]
[White "Dyachuk, Artem"]
[Black "Olszewski, Antoni"]
[Result "1-0"]
[WhiteElo "1634"]
[BlackElo "1199"]
[PlyCount "45"]
[EventDate "2019.08.02"]
[EventType "swiss"]
[EventRounds "9"]
[EventCountry "SVK"]
[SourceTitle "EXT 2020"]
[Source "ChessBase"]
[SourceDate "2019.10.17"]
[SourceVersion "1"]
[SourceVersionDate "2019.10.17"]
[SourceQuality "1"]

1. d4 d5 2. c4 e6 3. Nf3 Nf6 4. Bg5 h6 5. Bh4 dxc4 6. e3 b5 7. Ne5 Qd5 8. Be2 Bb4+ 9. Kf1 c6 10. Bf3 Qd6 11. Bg3 Qe7 12. Nxc6 Qd7 13. Nxb8 Rxb8 14. Bxb8 Ba5 15. Be5 b4 16. Bxf6 gxf6 17. Nd2 Ba6 18. Be2 Qd6 19. Qa4+ Ke7 20. Qxa5 Rc8 21. Ne4 Qc6 22. Qc5+ Qxc5 23. Nxc5 1-0

[Event "Mazowiec-chT op 1819"]
[Site "Warsaw"]
[Date "2019.01.13"]
[Round "6.18"]
[White "Olszewski, Antoni"]
[Black "Golebiowski, Bartlomiej"]
[Result "1-0"]
[WhiteElo "1393"]
[BlackElo "1148"]
[PlyCount "101"]
[EventDate "2018.12.02"]
[EventType "team-swiss"]
[EventRounds "10"]
[EventCountry "POL"]
[SourceTitle "EXT 2020"]
[Source "ChessBase"]
[SourceDate "2019.10.17"]
[SourceVersion "1"]
[SourceVersionDate "2019.10.17"]
[SourceQuality "1"]

1. e4 e6 2. d4 d5 3. Nd2 c5 4. c3 Nc6 5. Ngf3 dxe4 6. Nxe4 Be7 7. dxc5 Qxd1+ 8. Kxd1 Nf6 9. Nd6+ Bxd6 10. cxd6 e5 11. Be3 Bd7 12. Bc4 Ne4 13. Ke2 Nxd6 14. Bb3 0-0-0 15. Rad1 Nf5 16. Bxf7 Rhf8 17. Bd5 Nxe3 18. fxe3 Kc7 19. Rhf1 Ne7 20. Nxe5 Nxd5 21. Rxf8 Rxf8 22. Nxd7 Kxd7 23. Rxd5+ Kc6 24. Rd4 b5 25. e4 g6 26. e5 Re8 27. Re4 Kd5 28. Kd3 Rxe5 29. Rxe5+ Kxe5 30. Ke3 g5 31. g3 g4 32. b3 a5 33. c4 b4 34. Kd3 h6 35. Ke3 h5 36. Kd3 Kd6 37. Kd4 Kc6 38. Ke5 Kc5 39. Ke4 Kc6 40. Kd4 Kd6 41. c5+ Kc7 42. Kd5 Kd7 43. c6+ Kc8 44. Kc5 Kb8 45. Kb6 a4 46. bxa4 b3 47. axb3 h4 48. a5 hxg3 49. a6 Kc8 50. a7 Kd8 51. a8Q+ 1-0

[Event "Mazowiec-chT op 1819"]
[Site "Warsaw"]
[Date "2018.12.09"]
[Round "4.2"]
[White "Pulapa, Filip"]
[Black "Olszewski, Antoni"]
[Result "0-1"]
[WhiteElo "1433"]
[BlackElo "1393"]
[PlyCount "128"]
[EventDate "2018.12.02"]
[EventType "team-swiss"]
[EventRounds "10"]
[EventCountry "POL"]
[SourceTitle "EXT 2020"]
[Source "ChessBase"]
[SourceDate "2019.10.17"]
[SourceVersion "1"]
[SourceVersionDate "2019.10.17"]
[SourceQuality "1"]

1. e4 c5 2. Nf3 e6 3. d4 cxd4 4. Nxd4 a6 5. a3 Nf6 6. Nc3 d6 7. Bd3 Be7 8. 0-0 0-0 9. f4 Nc6 10. Nf3 b5 11. Be3 Ng4 12. Qe1 Nxe3 13. Qxe3 Bb7 14. Rad1 Qc7 15. Rfe1 Rfd8 16. Kf1 Rac8 17. Ne2 Na5 18. b3 d5 19. exd5 Bxd5 20. b4 Nc4 21. Bxc4 Bxc4 22. Rxd8+ Rxd8 23. Ne5 Bd5 24. Nd4 Bc4+ 25. Kg1 Bf6 26. c3 Bxe5 27. Qxe5 Qxe5 28. Rxe5 Rd5 29. Nc6 Rxe5 30. fxe5 Bd5 31. Nd4 Kf8 32. g3 Ke7 33. Kf2 f6 34. exf6+ gxf6 35. Ke3 e5 36. Nf5+ Ke6 37. Ng7+ Kf7 38. Nf5 Ke6 39. Ng7+ Kd7 40. Nh5 Ke7 41. Ng7 Be6 42. Ke4 Kf7 43. Nf5 Bxf5+ 44. Kxf5 Ke7 45. g4 Kd6 46. Ke4 Ke6 47. h3 h6 48. h4 Kd6 49. h5 Ke6 50. Ke3 Kd5 51. Kd3 e4+ 52. Ke3 Ke5 53. Kf2 Kf4 54. Ke2 e3 55. Kf1 Kxg4 56. Ke2 Kf4 57. Kf1 Kf3 58. Ke1 Ke4 59. Ke2 f5 60. Ke1 f4 61. Ke2 f3+ 62. Ke1 e2 63. Kf2 Kf4 64. Ke1 Ke3 0-1